| 000 | 00388nam a2200169Ia 4500 | ||
|---|---|---|---|
| 008 | 230524s9999 xx 000 0 und d | ||
| 020 | _a0074517465 | ||
| 082 |
_a4.16 _bLEL |
||
| 100 |
_aR.D. Lele _94210 |
||
| 245 | 0 | _aComputers in Medicine | |
| 250 | _a7TH | ||
| 260 |
_aNEW DELHI _bTMH _c1995 |
||
| 300 | _aXV;248 | ||
| 500 | _aQuantity Number: 1 | ||
| 650 | _aComp-Sc | ||
| 942 | _cBK | ||
| 999 |
_c6385 _d6385 |
||